| 000 -LEADER |
| fixed length control field |
02055cas a2200529 4500 |
| 001 - CONTROL NUMBER |
| control field |
11156362 |
| 003 - CONTROL NUMBER IDENTIFIER |
| control field |
NUST |
| 005 - DATE AND TIME OF LATEST TRANSACTION |
| control field |
20210906111822.0 |
| 008 - FIXED-LENGTH DATA ELEMENTS--GENERAL INFORMATION |
| fixed length control field |
751101c19609999pk mr p gv 0 a0eng |
| 010 ## - LIBRARY OF CONGRESS CONTROL NUMBER |
| LC control number |
sa 64004869 |
| 022 ## - INTERNATIONAL STANDARD SERIAL NUMBER |
| International Standard Serial Number |
0030-994X |
| 025 ## - OVERSEAS ACQUISITION NUMBER |
| Overseas acquisition number |
PL480:P-E-E-25 |
| 035 ## - SYSTEM CONTROL NUMBER |
| System control number |
(OCoLC)ocm01761760 |
| 038 ## - RECORD CONTENT LICENSOR |
| Staff Name |
Atta |
| 040 ## - CATALOGING SOURCE |
| Original cataloging agency |
DLC |
| Language of cataloging |
eng |
| Transcribing agency |
MUL |
| Modifying agency |
COO |
| -- |
DLC |
| -- |
NST |
| -- |
SYS |
| -- |
OCLCQ |
| -- |
OCLCF |
| -- |
OCLCO |
| -- |
DLC |
| -- |
HVL |
| -- |
OCL |
| -- |
OCLCO |
| -- |
OCLCA |
| -- |
OCLCQ |
| 042 ## - AUTHENTICATION CODE |
| Authentication code |
pcc |
| 043 ## - GEOGRAPHIC AREA CODE |
| Geographic area code |
a-pk--- |
| 050 00 - LIBRARY OF CONGRESS CALL NUMBER |
| Classification number |
LAW |
| 082 04 - DEWEY DECIMAL CLASSIFICATION NUMBER |
| Classification number |
Vol- |
| 245 00 - TITLE STATEMENT |
| Title |
Pakistan labour cases / |
| Statement of responsibility, etc. |
Founded by Late Malik Mir Muhammad |
| 260 ## - PUBLICATION, DISTRIBUTION, ETC. |
| Place of publication, distribution, etc. |
Lahore, |
| Name of publisher, distributor, etc. |
PLD Publisher |
| 300 ## - PHYSICAL DESCRIPTION |
| Extent |
volumes |
| Dimensions |
25 cm |
| 310 ## - CURRENT PUBLICATION FREQUENCY |
| Current publication frequency |
Monthly |
| 336 ## - CONTENT TYPE |
| Content type term |
text |
| Content type code |
txt |
| Source |
rdacontent |
| 337 ## - MEDIA TYPE |
| Media type term |
unmediated |
| Media type code |
n |
| Source |
rdamedia |
| 338 ## - CARRIER TYPE |
| Carrier type term |
volume |
| Carrier type code |
nc |
| Source |
rdacarrier |
| 362 0# - DATES OF PUBLICATION AND/OR SEQUENTIAL DESIGNATION |
| Dates of publication and/or sequential designation |
v. 1- 1960- |
| 500 ## - GENERAL NOTE |
| General note |
"A journal of the cases relating to civil services, factories, labour, workmen's compensation, industrial disputes, employees' insurance, payment of wages, provident funds, law regulating work in mines, etc." (varies). |
| 563 ## - BINDING INFORMATION |
| Binding note |
PBK |
| 588 ## - SOURCE OF DESCRIPTION NOTE |
| Source of description note |
Latest issue consulted: Vol. 57 (November 2016). |
| 590 ## - LOCAL NOTE (RLIN) |
| Local note |
SERBIB/SERLOC merged record |
| 650 #0 - SUBJECT ADDED ENTRY--TOPICAL TERM |
| Topical term or geographic name entry element |
Labor laws and legislation |
| Geographic subdivision |
Pakistan |
| Form subdivision |
Cases. |
| 9 (RLIN) |
55116 |
| 650 #0 - SUBJECT ADDED ENTRY--TOPICAL TERM |
| Topical term or geographic name entry element |
Social security |
| General subdivision |
Law and legislation |
| Geographic subdivision |
Pakistan |
| Form subdivision |
Cases. |
| 9 (RLIN) |
55117 |
| 650 #7 - SUBJECT ADDED ENTRY--TOPICAL TERM |
| Topical term or geographic name entry element |
Labor laws and legislation. |
| Source of heading or term |
fast |
| Authority record control number or standard number |
(OCoLC)fst00989967 |
| 9 (RLIN) |
55118 |
| 650 #7 - SUBJECT ADDED ENTRY--TOPICAL TERM |
| Topical term or geographic name entry element |
Social security |
| General subdivision |
Law and legislation. |
| Source of heading or term |
fast |
| Authority record control number or standard number |
(OCoLC)fst01123121 |
| 9 (RLIN) |
55119 |
| 651 #7 - SUBJECT ADDED ENTRY--GEOGRAPHIC NAME |
| Geographic name |
Pakistan. |
| Source of heading or term |
fast |
| Authority record control number or standard number |
(OCoLC)fst01210275 |
| 655 #7 - INDEX TERM--GENRE/FORM |
| Genre/form data or focus term |
Court decisions and opinions. |
| Source of term |
fast |
| Authority record control number |
(OCoLC)fst01774257 |
| 9 (RLIN) |
55120 |
| 655 #7 - INDEX TERM--GENRE/FORM |
| Genre/form data or focus term |
Trials, litigation, etc. |
| Source of term |
fast |
| Authority record control number |
(OCoLC)fst01423712 |
| 9 (RLIN) |
55121 |
| 655 #7 - INDEX TERM--GENRE/FORM |
| Genre/form data or focus term |
Court decisions and opinions. |
| Source of term |
lcgft |
| 9 (RLIN) |
82163 |
| 776 08 - ADDITIONAL PHYSICAL FORM ENTRY |
| Relationship information |
Online version: |
| Title |
Pakistan labour cases |
| Record control number |
(OCoLC)734646944 |
| 906 ## - LOCAL DATA ELEMENT F, LDF (RLIN) |
| a |
7 |
| b |
cbc |
| c |
serials |
| d |
3 |
| e |
ncip |
| f |
19 |
| g |
n-oclcserc |
| 942 ## - ADDED ENTRY ELEMENTS (KOHA) |
| Source of classification or shelving scheme |
|
| Koha item type |
Continuing Resources |